000 00445cam a2200181ua 4500
020 _c10.80
041 _aeng
_h
082 _a523.1
_bJEA/UN
100 _aJeans, Sir James .
245 _aUniverse around us /
_cSir James Jeans.
_hTextual Documents
250 _a1 /
_b.
260 _aCambridge :
_bCambridge University Press ,
_c1960.
300 _a297 ; .
365 _a10.80
504 _a
942 _cBK
999 _c8623
_d8623